000 00382nam a2200157Ia 4500
008 160316s2009 xxu||||| |||| 00| 0 eng d
082 _a348.000000
_bCEN
100 _a
245 _aCentral civil acts
250 _a
260 _aNew Delhi
_bProfessional Book Publishers
_c2009
300 _a1612p
_b
_c
365 _b Rs. 595
650 _a1. Central Civil Acts
700 _a
_a
999 _c25948
_d25948